The desire to create : 149 thoughts of Tomas Bata

Saved in:
Bibliographic Details
Main Author Culík Končitíková, Gabriela, 1987- (Author)
Other Authors Atcheson, Hana, 1971- (Translator), McCulloch, Sharon (Translator)
Format Book
LanguageEnglish
Published Zlín : Nadace Tomáše Bati, 2026
EditionFirst edition
Subjects
ISBN978-80-88511-36-6
Physical Description335 stran : ilustrace, portréty ; 25 cm

Cover

LEADER 00000nam a2200000 i 4500
001 115870
003 CZ ZlUTB
005 20260630100517.0
007 ta
008 260302s2026 xr ac e 000 0deng
015 |a cnb003743012 
020 |a 978-80-88511-36-6  |q (vázáno) 
040 |a BOA001  |b cze  |e rda 
041 1 |a eng  |h cze 
043 |a e-xr--- 
045 |a w7x3 
072 7 |a 658  |x Řízení a správa podniku  |2 Konspekt  |9 4 
080 |a 658.114-051  |2 MRF 
080 |a 316.64  |2 MRF 
080 |a 658.114  |2 MRF 
080 |a 658  |2 MRF 
080 |a 17.02  |2 MRF 
080 |a (437.3)  |2 MRF 
080 |a (0:82-84)  |2 MRF 
080 |a (084.12)  |2 MRF 
080 |a (082.2)  |2 MRF 
100 1 |a Culík Končitíková, Gabriela,  |d 1987-  |7 xx0167732  |4 aut 
240 1 0 |a Touha tvořit.  |l Anglicky 
245 1 4 |a The desire to create :  |b 149 thoughts of Tomas Bata /  |c Gabriela Končitíková ; translation Hana Atcheson, Sharon McCulloch 
246 3 0 |a 149 thoughts of Tomas Bata 
250 |a First edition 
264 1 |a Zlín :  |b Nadace Tomáše Bati,  |c 2026 
300 |a 335 stran :  |b ilustrace, portréty ;  |c 25 cm 
336 |a text  |b txt  |2 rdacontent 
336 |a statický obraz  |b sti  |2 rdacontent 
337 |a bez média  |b n  |2 rdamedia 
338 |a svazek  |b nc  |2 rdacarrier 
500 |a Přeloženo z češtiny 
500 |a Publikace vychází u příležitosti 150. výročí narození Tomáše Bati 
500 |a Obálkový podnázev: 149+1 
500 |a Obálka s průřezy a plastickým reliéfem 
600 1 7 |a Baťa, Tomáš,  |d 1876-1932  |7 jk01011102  |2 czenas 
648 7 |a 19.-20. století  |7 ch757015  |2 czenas 
650 0 7 |a podnikatelé  |7 ph124163  |z Česko  |y 19.-20. století  |2 czenas 
650 0 7 |a názory a postoje  |7 ph137634  |2 czenas 
650 0 7 |a podnikání  |7 ph115766  |2 czenas 
650 0 7 |a podnikový management  |7 ph115763  |2 czenas 
650 0 7 |a životní moudrost  |7 ph128026  |2 czenas 
650 0 9 |a businessmen  |z Czechia  |y 19th-20th centuries  |2 eczenas 
650 0 9 |a views and attitudes  |2 eczenas 
650 0 9 |a business  |2 eczenas 
650 0 9 |a industrial management  |2 eczenas 
650 0 9 |a life wisdom  |2 eczenas 
655 7 |a citáty  |7 fd131832  |2 czenas 
655 7 |a fotografické publikace  |7 fd132276  |2 czenas 
655 7 |a jubilejní publikace  |7 fd131839  |2 czenas 
655 9 |a quotations  |2 eczenas 
655 9 |a photographical works  |2 eczenas 
655 9 |a jubilee books  |2 eczenas 
700 1 |a Atcheson, Hana,  |d 1971-  |7 mzk2007424070  |4 trl 
700 1 |a McCulloch, Sharon  |7 mzk20261299410  |4 trl 
710 2 |a Nadace Tomáše Bati  |7 ko2004230725  |4 pbl 
910 |a ZLD002 
942 |2 udc 
952 |0 0  |1 0  |4 0  |6 658CULÍK_KONČITÍKOVÁG  |7 -1  |8 BOOK  |9 191733  |a UTBZL  |b UTBZL  |c 031  |d 2026-06-30  |l 0  |o 658/CULÍK KONČITÍKOVÁ,G.  |p 420010202358  |r 2026-06-30 10:06:20  |v 699.00  |w 2026-06-30  |x N:nákup  |y 01 
992 |a BK  |b SKNEW 
999 |c 115870  |d 115870